[Event "Catalunya-chT Gp1"]
[Site "Barcelona"]
[Date "2020.02.15"]
[Round "5.4"]
[White "Salagran Ferragut, Guillem"]
[Black "Ortega Serra, Marc"]
[Result "1-0"]
[WhiteElo "2128"]
[BlackElo "2295"]
[PlyCount "67"]
[EventDate "2020.01.18"]
[EventType "team-tourn"]
[EventRounds "7"]
[EventCountry "ESP"]
[SourceTitle "CBM 195 Extra"]
[Source "ChessBase"]
[SourceDate "2020.05.31"]
[SourceVersion "1"]
[SourceVersionDate "2020.05.31"]
[SourceQuality "1"]
[WhiteTeam "Gerunda"]
[BlackTeam "Cerdanyola Valles"]
[WhiteTeamCountry "ESP"]
[BlackTeamCountry "ESP"]

1. e4 e6 2. d4 d5 3. Nc3 Nf6 4. e5 Nfd7 5. Nce2 c5 6. c3 Nc6 7. f4 c4 8. Nf3 b5 9. g3 Nb6 10. h4 h5 11. Bh3 Ne7 12. Qc2 Nf5 13. Bd2 Be7 14. Kf2 a5 15. Ng5 Nh6 16. Rag1 Bf8 17. f5 Nxf5 18. Bxf5 exf5 19. Nf4 Rh6 20. e6 Bxe6 21. Re1 Qd6 22. Re2 Ra7 23. Nfxe6 fxe6 24. Bf4 Qc6 25. Nxe6 Rxe6 26. Rxe6+ Qxe6 27. Re1 Qxe1+ 28. Kxe1 g6 29. Bg5 Be7 30. Qd2 Kf7 31. Kf2 Rd7 32. Bxe7 Kxe7 33. Qg5+ Kf7 34. Qh6 1-0

[Event "Catalunya-chT Gp1"]
[Site "Barcelona"]
[Date "2020.01.25"]
[Round "2.5"]
[White "Salagran Ferragut, Guillem"]
[Black "Leiro Giralt, Daniel"]
[Result "1/2-1/2"]
[WhiteElo "2128"]
[BlackElo "2173"]
[PlyCount "102"]
[EventDate "2020.01.18"]
[EventType "team-tourn"]
[EventRounds "7"]
[EventCountry "ESP"]
[SourceTitle "CBM 194 Extra"]
[Source "ChessBase"]
[SourceDate "2020.03.31"]
[SourceVersion "1"]
[SourceVersionDate "2020.03.31"]
[SourceQuality "1"]
[WhiteTeam "Gerunda"]
[BlackTeam "Tres Peons"]
[WhiteTeamCountry "ESP"]
[BlackTeamCountry "ESP"]

1. e4 e5 2. Nf3 Nf6 3. Nxe5 d6 4. Nf3 Nxe4 5. Nc3 Nxc3 6. dxc3 Be7 7. Bf4 Nc6 8. Qd2 Be6 9. 0-0-0 Bxa2 10. b3 a5 11. Kb2 a4 12. Ra1 axb3 13. cxb3 Bxb3 14. Rxa8 Qxa8 15. Kxb3 Qa1 16. Qc1 Na5+ 17. Kc2 Qa4+ 18. Kb1 0-0 19. Nd4 Nc4 20. Bxc4 Qxc4 21. Bd2 Ra8 22. Qc2 c5 23. Nb3 Bf6 24. Kb2 b5 25. Ra1 Re8 26. Re1 Rxe1 27. Bxe1 b4 28. Nc1 bxc3+ 29. Bxc3 Qb4+ 30. Nb3 c4 31. Bxf6 gxf6 32. Qc3 Qxb3+ 33. Qxb3 cxb3 34. Kxb3 Kf8 35. Kc4 Ke7 36. Kd5 Kd7 37. g4 Kc7 38. h4 Kd7 39. h5 Kc7 40. f3 Kd7 41. f4 f5 42. g5 Kc7 43. Kc4 Kc6 44. Kd4 d5 45. Ke5 Kc5 46. Kxf5 d4 47. Ke4 Kc4 48. f5 d3 49. g6 fxg6 50. fxg6 hxg6 51. hxg6 d2 1/2-1/2

[Event "Girona-ch"]
[Site "Sant Gregori"]
[Date "2019.12.08"]
[Round "8"]
[White "Salagran Ferragut, Guillem"]
[Black "Farre I Benseny, Miquel"]
[Result "1-0"]
[WhiteElo "2136"]
[BlackElo "1903"]
[PlyCount "83"]
[EventDate "2019.10.13"]
[EventType "swiss"]
[EventRounds "9"]
[EventCountry "ESP"]
[SourceTitle "CBM 194 Extra"]
[Source "ChessBase"]
[SourceDate "2020.03.31"]
[SourceVersion "1"]
[SourceVersionDate "2020.03.31"]
[SourceQuality "1"]

1. e4 e5 2. Nf3 Nc6 3. Bb5 f5 4. d3 fxe4 5. dxe4 Nf6 6. 0-0 Bc5 7. Qd3 Nd4 8. Nxd4 Bxd4 9. Nd2 a6 10. Bc4 d6 11. Nf3 Ba7 12. Nh4 Qe7 13. Bg5 Be6 14. Nf5 Bxf5 15. exf5 0-0-0 16. Be6+ Kb8 17. c4 h6 18. Be3 Nh5 19. b4 g6 20. b5 axb5 21. Rab1 Nf4 22. Bxf4 exf4 23. Rxb5 c6 24. Rb3 Bc5 25. a4 Kc7 26. Qc3 Ra8 27. fxg6 Rhe8 28. Bf7 Rf8 29. Re1 Qh4 30. Qb2 b6 31. Rh3 Qg4 32. Qf6 Rae8 33. Re7+ Kb8 34. Rf3 Rxe7 35. Qxe7 d5 36. Qe5+ Kb7 37. cxd5 Rd8 38. h3 Qd7 39. dxc6+ Qxc6 40. g7 Bd4 41. Qe7+ Rd7 42. Qxd7+ 1-0

[Event "Girona-ch"]
[Site "Sant Gregori"]
[Date "2019.11.24"]
[Round "6"]
[White "Salagran Ferragut, Guillem"]
[Black "Caballero Maytin, Jesus"]
[Result "1-0"]
[WhiteElo "2136"]
[BlackElo "1981"]
[PlyCount "77"]
[EventDate "2019.10.13"]
[EventType "swiss"]
[EventRounds "9"]
[EventCountry "ESP"]
[SourceTitle "CBM 194 Extra"]
[Source "ChessBase"]
[SourceDate "2020.03.31"]
[SourceVersion "1"]
[SourceVersionDate "2020.03.31"]
[SourceQuality "1"]

1. e4 c5 2. Nf3 g6 3. d4 cxd4 4. Nxd4 Nc6 5. c4 Nf6 6. Nc3 d6 7. Be2 Nxd4 8. Qxd4 Bg7 9. Be3 0-0 10. Qd2 Be6 11. 0-0 Qa5 12. Rfc1 Rfc8 13. b3 a6 14. Rab1 b5 15. b4 Qd8 16. cxb5 axb5 17. Bxb5 Rxc3 18. Qxc3 Bxa2 19. Qd3 Bxb1 20. Rxb1 Ng4 21. Bd4 e5 22. Be3 Qh4 23. h3 Nxe3 24. Qxe3 Bh6 25. Qd3 Ra2 26. Qf3 Qe7 27. Bc4 Ra7 28. b5 Rb7 29. b6 Kg7 30. Bd5 Rb8 31. Qb3 Bg5 32. Ra1 Qd8 33. b7 Qc7 34. g3 Bd8 35. Ra8 Qc1+ 36. Kg2 Bc7 37. Qa4 Qc5 38. Qd7 Kh6 39. Qxf7 1-0

[Event "Girona-ch"]
[Site "Sant Gregori"]
[Date "2019.10.20"]
[Round "2"]
[White "Salagran Ferragut, Guillem"]
[Black "Perez Lopez, Alfonso"]
[Result "1-0"]
[WhiteElo "2136"]
[BlackElo "1790"]
[PlyCount "75"]
[EventDate "2019.10.13"]
[EventType "swiss"]
[EventRounds "9"]
[EventCountry "ESP"]
[SourceTitle "CBM 194 Extra"]
[Source "ChessBase"]
[SourceDate "2020.03.31"]
[SourceVersion "1"]
[SourceVersionDate "2020.03.31"]
[SourceQuality "1"]

1. e4 c6 2. d4 d5 3. e5 Bf5 4. h4 h5 5. Bd3 Bxd3 6. Qxd3 e6 7. Bg5 Qb6 8. Nd2 Ne7 9. Ne2 Nf5 10. c4 Nd7 11. b3 Be7 12. Nf3 Qa5+ 13. Kf1 Qb6 14. Nc3 g6 15. Nd1 a6 16. Ne3 Nxe3+ 17. fxe3 Bxg5 18. Nxg5 0-0 19. Kg1 c5 20. cxd5 cxd4 21. dxe6 Nxe5 22. Qxd4 Qxd4 23. exd4 f6 24. Ne4 Ng4 25. d5 Rfe8 26. Nc5 Rad8 27. Nd7 Kg7 28. Rd1 Ne3 29. Rd3 Nf5 30. Rhh3 Rc8 31. Rc3 Nd4 32. Kh2 Ne2 33. Rxc8 Rxc8 34. Nb6 Rc5 35. d6 Nf4 36. e7 Kf7 37. Rf3 Ne6 38. Rxf6+ 1-0

[Event "Catalunya-chT GpA final"]
[Site "Barcelona"]
[Date "2019.03.30"]
[Round "3.4"]
[White "Salagran Ferragut, Guillem"]
[Black "Mellado Trivino, Juan"]
[Result "1/2-1/2"]
[WhiteElo "2105"]
[BlackElo "2365"]
[PlyCount "66"]
[EventDate "2019.03.16"]
[EventType "team-tourn"]
[EventRounds "3"]
[EventCountry "ESP"]
[SourceTitle "CBM 189 Extra"]
[Source "ChessBase"]
[SourceDate "2019.06.03"]
[SourceVersion "1"]
[SourceVersionDate "2019.06.03"]
[SourceQuality "1"]
[WhiteTeam "Gerunda"]
[BlackTeam "Salou Escola Escacs"]
[WhiteTeamCountry "ESP"]
[BlackTeamCountry "ESP"]

1. e4 e5 2. Nf3 Nf6 3. Nxe5 d6 4. Nf3 Nxe4 5. Nc3 Nxc3 6. dxc3 Be7 7. Bf4 0-0 8. Qd2 Qe8 9. 0-0-0 Qa4 10. Kb1 Nc6 11. h4 Be6 12. a3 Bf6 13. Ng5 Ne5 14. Bxe5 Bxe5 15. Qd3 g6 16. Nxe6 fxe6 17. h5 g5 18. f3 Rf6 19. Qe3 Qf4 20. Qe1 Kh8 21. Bd3 Rg8 22. Qe2 g4 23. Rdf1 Rg5 24. g3 gxf3 25. gxf4 fxe2 26. fxg5 Rxf1+ 27. Rxf1 exf1Q+ 28. Bxf1 Bf4 29. g6 hxg6 30. hxg6 Kg7 31. Bd3 d5 32. c4 dxc4 33. Bxc4 Kxg6 1/2-1/2

[Event "Catalunya-chT GpA final"]
[Site "Barcelona"]
[Date "2019.03.16"]
[Round "1.5"]
[White "Matnadze, Ana"]
[Black "Salagran Ferragut, Guillem"]
[Result "0-1"]
[WhiteElo "2369"]
[BlackElo "2105"]
[PlyCount "72"]
[EventDate "2019.03.16"]
[EventType "team-tourn"]
[EventRounds "3"]
[EventCountry "ESP"]
[SourceTitle "CBM 189 Extra"]
[Source "ChessBase"]
[SourceDate "2019.06.03"]
[SourceVersion "1"]
[SourceVersionDate "2019.06.03"]
[SourceQuality "1"]
[WhiteTeam "Barcelona Escola Escacs"]
[BlackTeam "Gerunda"]
[WhiteTeamCountry "ESP"]
[BlackTeamCountry "ESP"]

1. e4 e6 2. b3 d5 3. Nc3 Nc6 4. Bb2 a6 5. Nf3 Nf6 6. e5 Nd7 7. Ne2 f6 8. Nf4 Ndxe5 9. Nxe5 Nxe5 10. Bxe5 fxe5 11. Qh5+ Kd7 12. Ng6 hxg6 13. Qxh8 Qf6 14. Be2 b6 15. 0-0 Bb7 16. Qh3 Bc5 17. Kh1 Rf8 18. f3 Qf4 19. Rad1 Rf6 20. Qh8 Bf8 21. g3 Qf5 22. d4 exd4 23. f4 Qxc2 24. Bd3 Qxa2 25. g4 Qxb3 26. Qh3 Be7 27. Rde1 Qa3 28. g5 Rf5 29. Bxf5 gxf5 30. Qh7 d3 31. Qg6 Qd6 32. Qxg7 d4+ 33. Kg1 Qd5 34. Rf3 Qxf3 35. Qxd4+ Bd5 36. Qa4+ b5 0-1

[Event "Catalunya-chT Gp1"]
[Site "Barcelona"]
[Date "2019.01.19"]
[Round "1.9"]
[White "Salagran Ferragut, Guillem"]
[Black "Colls Gelaberto, Emilio"]
[Result "1-0"]
[WhiteElo "2105"]
[BlackElo "2086"]
[PlyCount "51"]
[EventDate "2019.01.19"]
[EventType "team-tourn"]
[EventRounds "7"]
[EventCountry "ESP"]
[SourceTitle "CBM 188 Extra"]
[Source "ChessBase"]
[SourceDate "2019.02.26"]
[SourceVersion "1"]
[SourceVersionDate "2019.02.26"]
[SourceQuality "1"]
[WhiteTeam "Gerunda"]
[BlackTeam "Figueres"]
[WhiteTeamCountry "ESP"]
[BlackTeamCountry "ESP"]

1. e4 c6 2. d4 d5 3. e5 Bf5 4. h4 h5 5. Bd3 Bxd3 6. Qxd3 e6 7. Bg5 Qb6 8. Nd2 Ne7 9. Ne2 Nf5 10. c4 Be7 11. b3 Nd7 12. Nf3 a5 13. 0-0 g6 14. Ng3 Nxg3 15. fxg3 Bxg5 16. Nxg5 dxc4 17. Qe4 Rf8 18. bxc4 Qc7 19. Rf2 c5 20. Raf1 cxd4 21. Nxf7 Rxf7 22. Rxf7 0-0-0 23. Rb1 d3 24. Qxd3 Qc5+ 25. Kh1 Nxe5 26. Qe4 1-0

[Event "Girona-ch"]
[Site "Banyoles"]
[Date "2018.11.04"]
[Round "5"]
[White "Diaz Munoz, Sergi"]
[Black "Salagran Ferragut, Guillem"]
[Result "0-1"]
[WhiteElo "1958"]
[BlackElo "2083"]
[PlyCount "54"]
[EventDate "2018.09.30"]
[EventType "swiss"]
[EventRounds "9"]
[EventCountry "ESP"]
[SourceTitle "CBM 187 Extra"]
[Source "ChessBase"]
[SourceDate "2018.11.04"]
[SourceVersion "1"]
[SourceVersionDate "2018.11.04"]
[SourceQuality "1"]

1. e4 e6 2. d4 d5 3. exd5 exd5 4. Bd3 c5 5. dxc5 Bxc5 6. Nf3 Nf6 7. 0-0 0-0 8. Nc3 Nc6 9. a3 Bb6 10. Bg5 Be6 11. Qd2 a6 12. Qf4 Re8 13. Rad1 Bc5 14. Qh4 h6 15. Bc1 Be7 16. Qf4 Nh5 17. Qd2 Bd6 18. Rfe1 Nf4 19. Bf1 Qf6 20. Nd4 Bg4 21. f3 Rxe1 22. Qxe1 Nxd4 23. fxg4 Nh3+ 24. Kh1 Nf2+ 25. Kg1 Qh4 26. g3 Bxg3 27. hxg3 Qxg3+ 0-1

[Event "Girona-ch "]
[Site "Girona"]
[Date "2017.11.05"]
[Round "5"]
[White "Vilanova Guardiola, Josep Maria"]
[Black "Salagran Ferragut, Guillem"]
[Result "0-1"]
[WhiteElo "1771"]
[BlackElo "2000"]
[PlyCount "63"]
[EventDate "2017.10.08"]
[EventType "swiss"]
[EventRounds "9"]
[EventCountry "ESP"]
[SourceTitle "CBM 181 Extra"]
[Source "ChessBase"]
[SourceDate "2017.12.12"]
[SourceVersion "1"]
[SourceVersionDate "2017.12.12"]
[SourceQuality "1"]

1. d4 e6 2. c4 f5 3. Nc3 Nf6 4. Nf3 Bb4 5. Bd2 b6 6. g3 Bb7 7. Bg2 0-0 8. 0-0 d6 9. Qb3 Bxc3 10. Bxc3 Ne4 11. c5 Bd5 12. Qa3 bxc5 13. dxc5 Nxc5 14. Rac1 Nbd7 15. Rfd1 Ne4 16. Ba5 Nb6 17. b3 c5 18. Nd2 Qe7 19. f3 Nxd2 20. Rxd2 Qg5 21. f4 Qe7 22. b4 Bxg2 23. Kxg2 c4 24. Bxb6 axb6 25. Qe3 b5 26. Qb6 d5 27. Qe3 Ra6 28. a3 Qa7 29. Rc3 Qxe3 30. Rxe3 Kf7 31. Kf2 Rfa8 32. Ra2 0-1

[Event "Girona-ch "]
[Site "Girona"]
[Date "2017.10.29"]
[Round "4"]
[White "Perdomo Raudales, Javier Fern"]
[Black "Salagran Ferragut, Guillem"]
[Result "0-1"]
[WhiteElo "1678"]
[BlackElo "2000"]
[PlyCount "20"]
[EventDate "2017.10.08"]
[EventType "swiss"]
[EventRounds "9"]
[EventCountry "ESP"]
[SourceTitle "CBM 181 Extra"]
[Source "ChessBase"]
[SourceDate "2017.12.12"]
[SourceVersion "1"]
[SourceVersionDate "2017.12.12"]
[SourceQuality "1"]

1. e4 c5 2. Nc3 e6 3. f4 d5 4. Bb5+ Bd7 5. exd5 Bxb5 6. Nxb5 exd5 7. Qe2+ Be7 8. Qe5 Kf8 9. Qc7 Qe8 10. Nf3 Bd6+ 0-1

[Event "Girona-ch "]
[Site "Girona"]
[Date "2017.10.15"]
[Round "2"]
[White "Dilme Ferrer, Josep M"]
[Black "Salagran Ferragut, Guillem"]
[Result "0-1"]
[WhiteElo "1685"]
[BlackElo "2000"]
[PlyCount "50"]
[EventDate "2017.10.08"]
[EventType "swiss"]
[EventRounds "9"]
[EventCountry "ESP"]
[SourceTitle "CBM 181 Extra"]
[Source "ChessBase"]
[SourceDate "2017.12.12"]
[SourceVersion "1"]
[SourceVersionDate "2017.12.12"]
[SourceQuality "1"]

1. e4 e6 2. d4 d5 3. exd5 exd5 4. Nc3 Nf6 5. Nf3 Bd6 6. Qe2+ Be7 7. Bg5 0-0 8. 0-0-0 c6 9. a3 b5 10. Re1 Be6 11. h3 a5 12. Na2 Qb6 13. Qe3 Nbd7 14. Ne5 Nxe5 15. dxe5 Bc5 16. Qe2 Ne4 17. f4 b4 18. a4 b3 19. Nc3 Nxc3 20. bxc3 Ba3+ 21. Kd2 bxc2 22. Kxc2 Bf5+ 23. Kd1 Qb1+ 24. Kd2 Qc2+ 25. Ke3 Qxc3+ 0-1

[Event "Barcelona Sant Marti op-A 19th"]
[Site "Barcelona"]
[Date "2017.07.20"]
[Round "8"]
[White "Ventura Bolet, Alexandre"]
[Black "Salagran Ferragut, Guillem"]
[Result "1-0"]
[WhiteElo "2080"]
[BlackElo "2201"]
[PlyCount "103"]
[EventDate "2017.07.13"]
[EventType "swiss"]
[EventRounds "9"]
[EventCountry "ESP"]
[SourceTitle "EXT 2018"]
[Source "ChessBase"]
[SourceDate "2017.10.13"]
[SourceVersion "1"]
[SourceVersionDate "2017.10.13"]
[SourceQuality "1"]

1. Nf3 e6 2. c4 Nf6 3. g3 b6 4. Bg2 Bb7 5. 0-0 Be7 6. d4 0-0 7. Nc3 Ne4 8. Qc2 Nxc3 9. Qxc3 d5 10. Ne5 Nd7 11. Rd1 Nxe5 12. dxe5 f5 13. exf6 Bxf6 14. Qb3 c6 15. cxd5 exd5 16. e4 Qe7 17. exd5 cxd5 18. Bf4 Kh8 19. Bxd5 Bxd5 20. Rxd5 Rad8 21. Rad1 Rxd5 22. Qxd5 Re8 23. b3 h6 24. Qc6 Rd8 25. Rxd8+ Qxd8 26. Qd6 Qxd6 27. Bxd6 Kg8 28. Kf1 Kf7 29. Ke2 Ke6 30. Bf4 Kd5 31. Kd3 b5 32. Bd2 Bd8 33. Bc3 g6 34. h4 h5 35. Bd4 a5 36. a4 bxa4 37. bxa4 Bc7 38. Bc3 Bd8 39. Be1 Bb6 40. f3 Bc7 41. g4 Bd8 42. g5 Bc7 43. Bd2 Bg3 44. Bxa5 Bxh4 45. f4 Bg3 46. Ke3 Bh2 47. Be1 Ke6 48. Kf3 Kf5 49. Bg3 Bg1 50. a5 Ba7 51. a6 Bb8 52. Bf2 1-0

[Event "Barcelona Sant Marti op-A 19th"]
[Site "Barcelona"]
[Date "2017.07.19"]
[Round "7"]
[White "Salagran Ferragut, Guillem"]
[Black "Gonzalez Saguillo, Oriol"]
[Result "0-1"]
[WhiteElo "2201"]
[BlackElo "2077"]
[PlyCount "100"]
[EventDate "2017.07.13"]
[EventType "swiss"]
[EventRounds "9"]
[EventCountry "ESP"]
[SourceTitle "EXT 2018"]
[Source "ChessBase"]
[SourceDate "2017.10.13"]
[SourceVersion "1"]
[SourceVersionDate "2017.10.13"]
[SourceQuality "1"]

1. e4 e5 2. Nf3 Nc6 3. Bb5 Nf6 4. d3 d6 5. c3 Bd7 6. Ba4 g6 7. 0-0 Bg7 8. Re1 0-0 9. h3 Nh5 10. d4 Qe8 11. Be3 Nxd4 12. cxd4 Bxa4 13. b3 Bd7 14. dxe5 Bxe5 15. Nxe5 Qxe5 16. Bd4 Qg5 17. Re3 f5 18. Nd2 Nf4 19. Qf1 Rae8 20. Nf3 Qh5 21. exf5 Rxe3 22. fxe3 Nxh3+ 23. gxh3 Rxf5 24. Qc4+ Kf8 25. Qxc7 Qxf3 26. Qd8+ Be8 27. Qxd6+ Kf7 28. Qc7+ Ke6 29. Qc4+ Kd7 30. Qf1 Rg5+ 31. Kh2 Qg3+ 32. Kh1 Rh5 33. Qg2 Rxh3+ 34. Kg1 Ke6 35. Qxg3 Rxg3+ 36. Kf2 Rg4 37. Bxa7 Bc6 38. Bb8 Rg2+ 39. Kf1 Rb2 40. Bg3 h5 41. Bf2 Kf5 42. Kg1 Kg4 43. Rc1 Kf3 44. Bh4 Rg2+ 45. Kh1 Rg4 46. Bd8 Kf2+ 47. Kh2 Rg2+ 48. Kh3 Bd7+ 49. Kh4 Rg4+ 50. Kh3 Rg1+ 0-1

[Event "Barcelona Sant Marti op-A 19th"]
[Site "Barcelona"]
[Date "2017.07.15"]
[Round "3"]
[White "Barragan Hernandez, Manel"]
[Black "Salagran Ferragut, Guillem"]
[Result "0-1"]
[WhiteElo "1936"]
[BlackElo "2201"]
[PlyCount "58"]
[EventDate "2017.07.13"]
[EventType "swiss"]
[EventRounds "9"]
[EventCountry "ESP"]
[SourceTitle "EXT 2018"]
[Source "ChessBase"]
[SourceDate "2017.10.13"]
[SourceVersion "1"]
[SourceVersionDate "2017.10.13"]
[SourceQuality "1"]

1. e4 e6 2. d4 d5 3. exd5 exd5 4. Nf3 Bd6 5. c4 Nf6 6. Nc3 0-0 7. cxd5 Nbd7 8. Bc4 Nb6 9. Bb3 Re8+ 10. Ne2 Qe7 11. Bg5 Bg4 12. Qd3 a5 13. a3 h6 14. Bxf6 Qxf6 15. 0-0-0 Bf5 16. Qd2 a4 17. Ba2 c6 18. dxc6 Rxe2 19. Qxe2 Bf4+ 20. Rd2 Qxc6+ 21. Kd1 Rc8 22. Qe7 Bc2+ 23. Ke1 Bg6 24. Qc5 Qe4+ 25. Re2 Rxc5 26. Rxe4 Rc1+ 27. Ke2 Bxe4 28. Rxc1 Bxf3+ 29. Kxf3 Bxc1 0-1

[Event "Barcelona Sant Marti op-A 19th"]
[Site "Barcelona"]
[Date "2017.07.13"]
[Round "1"]
[White "Salagran Ferragut, Guillem"]
[Black "Kyrkjebo, Marte Bakken"]
[Result "1-0"]
[WhiteElo "2201"]
[BlackElo "1833"]
[PlyCount "101"]
[EventDate "2017.07.13"]
[EventType "swiss"]
[EventRounds "9"]
[EventCountry "ESP"]
[SourceTitle "EXT 2018"]
[Source "ChessBase"]
[SourceDate "2017.10.13"]
[SourceVersion "1"]
[SourceVersionDate "2017.10.13"]
[SourceQuality "1"]

1. e4 e5 2. Nf3 Nc6 3. Bb5 a6 4. Ba4 Nf6 5. d3 b5 6. Bb3 Bc5 7. Nc3 d6 8. Nd5 Nxd5 9. Bxd5 Bd7 10. Be3 Bxe3 11. fxe3 0-0 12. 0-0 Rb8 13. d4 exd4 14. exd4 Ne7 15. Bb3 Ng6 16. Qd2 Be6 17. Rf2 Bxb3 18. axb3 Ra8 19. Raf1 h6 20. Qd3 c5 21. c3 Qe7 22. Nd2 Qe6 23. Qg3 Kh7 24. h4 cxd4 25. cxd4 d5 26. e5 Ne7 27. b4 Nc6 28. Rf6 Qd7 29. Rd6 Qb7 30. Qe3 Rg8 31. Nb3 Nxb4 32. Qd2 a5 33. Qf4 Ra7 34. Qf5+ Kh8 35. Rf3 Qe7 36. Qh5 Kh7 37. Nc5 g6 38. Qg4 h5 39. Qg3 Rc7 40. Rff6 Qe8 41. Qg5 Re7 42. g4 Rg7 43. Kh2 hxg4 44. h5 g3+ 45. Kg2 Kg8 46. hxg6 fxg6 47. Rxg6 Qf8 48. Qxg3 Rxg6 49. Rxg6+ Rg7 50. Ne6 Rxg6 51. Qxg6+ 1-0

[Event "Barbera del Valles op 40th"]
[Site "Barbera del Valles"]
[Date "2017.07.09"]
[Round "6"]
[White "Ventura Bolet, Alexandre"]
[Black "Salagran Ferragut, Guillem"]
[Result "1-0"]
[WhiteElo "2080"]
[BlackElo "2201"]
[PlyCount "89"]
[EventDate "2017.07.04"]
[EventType "swiss"]
[EventRounds "9"]
[EventCountry "ESP"]
[SourceTitle "EXT 2018"]
[Source "ChessBase"]
[SourceDate "2017.10.13"]
[SourceVersion "1"]
[SourceVersionDate "2017.10.13"]
[SourceQuality "1"]

1. Nf3 c5 2. g3 b5 3. Bg2 Bb7 4. 0-0 e6 5. d3 Nf6 6. c4 a6 7. b3 Be7 8. Bb2 0-0 9. e3 Qb6 10. Nbd2 Nc6 11. Qc2 d5 12. cxd5 exd5 13. Rac1 a5 14. Bxf6 gxf6 15. Nh4 Rfd8 16. Nf5 Bf8 17. Nf3 a4 18. d4 axb3 19. axb3 c4 20. bxc4 bxc4 21. N3h4 Nb4 22. Qd1 Rac8 23. Qh5 Rc7 24. Rb1 c3 25. Nh6+ Bxh6 26. Qxh6 Bc8 27. Rfc1 Rd6 28. Bf1 c2 29. Rb2 Rc3 30. Kg2 Rdc6 31. Be2 Qa5 32. Bh5 Qa3 33. Bxf7+ Kxf7 34. Qxh7+ Ke6 35. Qg8+ Kd7 36. Qf7+ Kd8 37. Ng6 Bd7 38. Qf8+ Kc7 39. Rxb4 Rb6 40. Rxb6 Qxf8 41. Nxf8 Kxb6 42. Nxd7+ Kb5 43. Nxf6 Kc4 44. h4 Kd3 45. Nxd5 1-0

[Event "Catalunya-chT Gp1"]
[Site "Barcelona"]
[Date "2017.01.21"]
[Round "1.10"]
[White "Salagran Ferragut, Guillem"]
[Black "Sole Bove, Josep Maria"]
[Result "1/2-1/2"]
[WhiteElo "2232"]
[BlackElo "1817"]
[PlyCount "96"]
[EventDate "2017.01.21"]
[EventType "team-tourn"]
[EventRounds "7"]
[EventCountry "ESP"]
[SourceTitle "CBM 176 Extra"]
[Source "ChessBase"]
[SourceDate "2017.03.02"]
[SourceVersion "1"]
[SourceVersionDate "2017.03.02"]
[SourceQuality "1"]
[WhiteTeam "Gerunda"]
[BlackTeam "Montcada"]
[WhiteTeamCountry "ESP"]
[BlackTeamCountry "ESP"]

1. e4 c5 2. Nf3 Nc6 3. d4 cxd4 4. Nxd4 Nf6 5. Nc3 e5 6. Ndb5 d6 7. Bg5 a6 8. Na3 Be7 9. Nc4 Be6 10. Bxf6 gxf6 11. Nd5 f5 12. Nxe7 Kxe7 13. Qd2 Rg8 14. exf5 Bxf5 15. Rd1 Rg6 16. Ne3 Be6 17. Bd3 Rg7 18. Be4 Qd7 19. c3 Rd8 20. Qd3 h6 21. 0-0 Rf8 22. Bf5 Qc7 23. Rd2 Rd8 24. Qe4 Kf8 25. Qh4 Qe7 26. Qxh6 Qg5 27. Qxg5 Rxg5 28. Bxe6 fxe6 29. h4 Rh5 30. g3 Ke7 31. Kg2 e4 32. Kh3 Rdh8 33. Ng2 Ne5 34. Re2 Nf3 35. Nf4 R5h6 36. c4 Rf8 37. Ng2 Rg8 38. Rd1 d5 39. cxd5 exd5 40. Rxd5 Ng1+ 41. Kh2 Nxe2 42. Ne3 Ke6 43. Rd2 Nf4 44. Rd4 Ke5 45. Rd7 Nd3 46. Re7+ Re6 47. Rf7 Rf6 48. Re7+ Re6 1/2-1/2

[Event "Girona-ch"]
[Site "Banyoles"]
[Date "2016.10.16"]
[Round "4"]
[White "Salagran Ferragut, Guillem"]
[Black "Carrasco Holgado, David"]
[Result "0-1"]
[WhiteElo "2146"]
[BlackElo "2001"]
[PlyCount "142"]
[EventDate "2016.10.02"]
[EventType "swiss"]
[EventRounds "9"]
[EventCountry "ESP"]
[SourceTitle "EXT 2018"]
[Source "ChessBase"]
[SourceDate "2017.10.13"]
[SourceVersion "1"]
[SourceVersionDate "2017.10.13"]
[SourceQuality "1"]

1. e4 c5 2. Nf3 e6 3. d4 cxd4 4. Nxd4 a6 5. c4 Nf6 6. Nc3 Bb4 7. Bd2 Bxc3 8. Bxc3 Nxe4 9. Qg4 Nxc3 10. Qxg7 Rf8 11. bxc3 Qa5 12. Qg3 Nc6 13. Nxc6 dxc6 14. Be2 Bd7 15. 0-0 0-0-0 16. Qe3 c5 17. Bf3 Qc7 18. Rab1 Bc6 19. Rb2 Bxf3 20. Qxf3 Rd7 21. Rfb1 Rfd8 22. g3 Qb8 23. Kg2 Re7 24. Rb6 Rd6 25. R6b2 b6 26. a4 Qb7 27. a5 Qxf3+ 28. Kxf3 Rb7 29. axb6 Rd3+ 30. Ke2 Rxc3 31. Ra1 Rxc4 32. Rxa6 Kd7 33. Ra7 Kc6 34. Rba2 Kxb6 35. Ra8 Rb4 36. Rh8 f6 37. Re8 Re4+ 38. Kd3 Re1 39. Rb2+ Ka7 40. Rxb7+ Kxb7 41. Re7+ Kc6 42. Rxh7 Rd1+ 43. Kc3 Rc1+ 44. Kd2 Rf1 45. f4 Rf2+ 46. Kc3 Kd6 47. Rh8 f5 48. Kd3 Rf3+ 49. Kc4 Rf2 50. h4 Rc2+ 51. Kd3 Rg2 52. Rg8 Rh2 53. Kc3 Ke7 54. Rg7+ Kf6 55. Rd7 Rh1 56. Kd2 Rg1 57. Rd3 Kg6 58. Rc3 Kh5 59. Rxc5 Rxg3 60. Re5 Rg6 61. Re2 Kxh4 62. Ke3 Kg3 63. Re1 Rg4 64. Rf1 e5 65. Rg1+ Kh2 66. Rf1 Rg3+ 67. Ke2 e4 68. Ra1 Kh3 69. Ra5 Kg4 70. Kf2 Rf3+ 71. Ke2 Kxf4 0-1

[Event "Girona-ch"]
[Site "Banyoles"]
[Date "2016.10.02"]
[Round "1"]
[White "Ferrer Blanc, Francesc"]
[Black "Salagran Ferragut, Guillem"]
[Result "0-1"]
[WhiteElo "1644"]
[BlackElo "2146"]
[PlyCount "24"]
[EventDate "2016.10.02"]
[EventType "swiss"]
[EventRounds "9"]
[EventCountry "ESP"]
[SourceTitle "EXT 2018"]
[Source "ChessBase"]
[SourceDate "2017.10.13"]
[SourceVersion "1"]
[SourceVersionDate "2017.10.13"]
[SourceQuality "1"]

1. e4 e6 2. d4 d5 3. e5 c5 4. c3 Nc6 5. Nf3 Qb6 6. b3 cxd4 7. cxd4 Bb4+ 8. Bd2 Nxd4 9. Bxb4 Qxb4+ 10. Nbd2 Bd7 11. Be2 Ne7 12. 0-0 Nxe2+ 0-1

[Event "ESP-ch U18"]
[Site "Granada"]
[Date "2016.07.28"]
[Round "6"]
[White "Ventura Bolet, Alexandre"]
[Black "Salagran Ferragut, Guillem"]
[Result "0-1"]
[WhiteElo "2109"]
[BlackElo "2196"]
[PlyCount "80"]
[EventDate "2016.07.25"]
[EventType "swiss"]
[EventRounds "9"]
[EventCountry "ESP"]
[SourceTitle "EXT 2024"]
[Source "ChessBase"]
[SourceDate "2023.10.10"]
[SourceVersion "1"]
[SourceVersionDate "2023.10.10"]
[SourceQuality "1"]

1. Nf3 Nf6 2. g3 b5 3. Bg2 Bb7 4. 0-0 e6 5. d4 c5 6. c3 Na6 7. a4 b4 8. Bg5 Be7 9. Nbd2 0-0 10. Re1 Rc8 11. e4 h6 12. Bxf6 Bxf6 13. Qb3 Qc7 14. Rab1 cxd4 15. cxd4 Qc2 16. Bf1 Bxd4 17. Nxd4 Qxd2 18. Rbd1 Qg5 19. Nb5 Rb8 20. Nd6 Nc5 21. Qxb4 Bxe4 22. Qd4 Bf3 23. Re5 Nb3 24. Qc3 Qf6 25. Rd3 Bd5 26. f4 Qd8 27. Rdxd5 exd5 28. Nf5 d4 29. Qf3 Qf6 30. Bd3 Rfe8 31. Qe4 Rxe5 32. fxe5 Qg5 33. Nd6 Qe3+ 34. Qxe3 dxe3 35. Bc4 Nc5 36. Bxf7+ Kf8 37. b3 Nxb3 38. Bd5 Nd4 39. Bb7 Ke7 40. a5 e2 0-1